00411pab a2200145 454500008004000000100002300040245003600063260000900099300001200108362000800120650003500128650001800163700001700181773006700198180718b2000 xxu||||| |||| 00| 0 eng d aCoclanis, Peter A. aGlobalization in Southeast Asia c2000 ap.49-64 aJul aGlobalization - Southeast Asia aGlobalization aDoshi, Tilak aAnnals of the American Academy of Political and Social Science